| 000 | 00501 a2200169 4500 | ||
|---|---|---|---|
| 005 | 20250621081143.0 | ||
| 020 | _a0-256-19069-0 | ||
| 082 | _aLM 621.815 HAM | ||
| 100 | _aHAMROCK, B. | ||
| 245 | _aFundamentals of Machine Elements. | ||
| 250 | _a8th Ed | ||
| 260 |
_aBoston, _bMcGraw-Hill , _c1999. |
||
| 300 |
_axviii,926p.: ill.; figure, picture, table _bIndex _c24cm |
||
| 700 | _aJACOBSON, B. O. | ||
| 856 |
_yAccess Online Book _fFundamentals of Machine Elements _dwww.mhhe.com |
||
| 942 |
_2ddc _cBKS |
||
| 999 |
_c3185 _d3185 |
||